| 000 | 00552nam a22001937a 4500 | ||
|---|---|---|---|
| 003 | OSt | ||
| 005 | 20160516151030.0 | ||
| 008 | 160516b xxu||||| |||| 00| 0 eng d | ||
| 020 | _a0521538270 | ||
| 040 | _cDDC. | ||
| 082 | _a576.58PRI 2004. | ||
| 100 |
_a Frankham,Richard;[et....al] _98819 |
||
| 245 | _aA primer of Concervation Genetics. | ||
| 260 |
_aUK. _bCambridge University Press. _c2004. |
||
| 300 |
_avii,220p; _bill; _c27cm. |
||
| 504 | _aGlossary,acknowledgements and index are included. | ||
| 650 |
_aBiology. _95602 |
||
| 942 |
_2ddc _cSLOAN |
||
| 999 |
_c4052 _d4052 |
||